Movies Quiz

Random Movies or Director Quiz

Remaking Oneself in the Movies Quiz Stats

 Plays Quiz Updated Mar 30, 2012

Also try: Movie Remakes
Challenge
Share
Tweet
Embed
Score 0/16 Timer 10:00
0 Plays Today
Crew Member Movie % Correct
In this film, itself a remake, Rick Baker brought a giant ape to life via special effects. In the re-remake, he did the opposite, appearing as a fighter pilot who shot the ape downKing Kong
76.5%
Charlton Heston was the heroic star of the original; in the remake, he switched sides and species for a cameo, still wanting to damn everyone to hell.Planet of the Apes
73.1%
Alvin Greenman played a young Macy's employee in this Christmas classic; a whopping 47 years later, he had a minor role as a doorman in the remake.Miracle on 34th Street
68.4%
Burt Reynolds played quarterback Paul Crewe in the original movie, and Coach Nate Scarborough in the remake.The Longest Yard
64.6%
For the remake, Mel Brooks performed the real life task named in the title of this film based on a play based on a film about a play, which Mel Brooks directed.The Producers
52.5%
Ann Robinson and Gene Barry played the leads in the sci-fi epic; they play grandparents in the Spielberg remake.War of the Worlds
45.3%
Cecil B. DeMille directed this silent film, and its epic remake starring Charlton Heston.The Ten Commandments
42.5%
Russell Streiner produced both this zombie film, and its remake. He also had small roles in each, as the first shown victim in the original, and as a sheriff in the remake.Night of the Living Dead
36.1%
Crew Member Movie % Correct
Although Peter Dinklage changed character names in the American remake of this British comedy, the role was the same, as the deceased's diminutive homosexual lover.Death at a Funeral
23%
John Larroquette provided the narration for both versions of this slasher film.The Texas Chainsaw Massacre
21.9%
Alfred Hitchcock directed this suspense film in black & white, then directed a color version starring Jimmy Stewart.The Man Who Knew Too Much
16.6%
Michael Caine played the eponymous gangster in the first film, and Cliff Brumby in the remake.Get Carter
14.4%
Michael Caine was Milo Tindle, then took over the role of Andrew Wyke in the remake of this detective movie.Sleuth
12.6%
Vincent Price played George, the Duke of Clarence, and then Richard, Duke of Gloucester in this film about English royalty and murders.Tower of London
1.9%
Cecil B. DeMille directed this silent western, remade it four years later, and later remade it again with sound.The Squaw Man
1.8%
John Woo directed this action film and went back to it just 5 years later, replacing Chow Yun-Fat with Nicholas Lea.Once a Thief
1.8%

You're not logged in!

Compare scores with friends on all Sporcle quizzes.
OR
Log In

You Might Also Like...

Show Comments

Extras

Top Quizzes Today


Score Distribution

Your Account Isn't Verified!

In order to create a playlist on Sporcle, you need to verify the email address you used during registration. Go to your Sporcle Settings to finish the process.

Report this User

Report this user for behavior that violates our Community Guidelines.

Details: